Illinois journal of mathematics

Αποθηκεύτηκε σε:
Λεπτομέρειες βιβλιογραφικής εγγραφής
Συγγραφή απο Οργανισμό/Αρχή: University of Illinois at Urbana-Champaign
Μορφή: Περιοδική έκδοση
Γλώσσα:English
Δημοσίευση: Oak, Champaign, IL : University of Illinois press, 1957-
Θέματα:
Ετικέτες: Προσθήκη ετικέτας
Δεν υπάρχουν, Καταχωρήστε ετικέτα πρώτοι!

MARC

LEADER 00000nas a2200000 i 4500
001 1/102619
008 000225c19579999 eng d
022 |a 00192082 
035 |l 10058155 
040 |a GR-MY-UA  |b gre  |e aacr 
041 0 |a eng 
082 0 |a 510.5 
245 1 0 |a Illinois journal of mathematics  |h [περιοδικό] 
260 |a Oak, Champaign, IL :   |b University of Illinois press,   |c 1957- 
300 |a v.;  |c 26 cm. 
310 |a Quarterly 
650 0 0 |a Mathematics  |x Periodicals. 
710 2 |a University of Illinois at Urbana-Champaign. 
853 |a INST  |b SAMOS  |c SER 
922 |a 3ΕΛΗ  |b ΤΜΗΜΑ ΜΑΘΗΜΑΤΙΚΩΝ  |c ΚΑΟΥΦΜΑΝ  |d 199912